000 01122nam a2200313 a 4500
001 000115912
003 CHAP
005 20220329144553.0
008 190724s2019 mx | |sm |||||||spa d
010 _a112373
011 _a113345
040 _cCHAP
090 _aTesis
100 1 _aSánchez López, Florencia.
_9128818
245 1 0 _aEnzima B-mananasa en dietas para vacas holstein en el periodo de transición
_h[En línea]
_cpor Florencia Sánchez López.
260 _aChapingo, Méx. :
_bEl autor,
_c2019.
500 _aPara ver el contenido del material haga clic en la liga
502 _aTesis (M. C. en Innovación Ganadera) -- UACH. Departamento de Zootecnia
590 _aE6337LMJ
_b05
_c20190724
_lUCH01
_h1222
590 _aE6337LMJ
_b05
_c20190724
_lUCH01
_h1222
650 1 4 _aGanado Holstein
_xAlimentación.
_9130391
650 1 4 _aGanado Holstein
_xNutrición.
_945140
650 1 4 _aLeche
_xComposición.
_965363
650 1 4 _aProteínas en nutrición animal.
_992454
856 _aFinding aid
_uhttp://10.13.5.2/tesis/sist115912.pdf
_zTeclea aquí
901 _aBK
942 _cTESIS
942 _n0
999 _c112373
_d112373